000 00229 a2200097 4500
001 38757
100 _aMaj Gen(Retd) Shahid Hamid
245 _aGeneral ki Aap Baiti
260 _aLahore
_bJang Publisher
_c
090 _c24575
_d24575
942 _aNUST-CAE
_cM
_c16197
999 _c273830
_d273830